10 Best City Beaches in the World - Statistics

General Stats
  • This quiz has been taken 492 times
  • The average score is 5 of 10
Answer Stats
Beach City % Correct
Miami Beach Miami
97%
Barceloneta Beach Barcelona
92%
Venice Beach Los Angeles
76%
Bondi Beach Sydney
73%
Waikiki Beach Honolulu
72%
Ipanema Beach Rio de Janeiro
72%
Clifton Beaches Cape Town
19%
Kitsilano Beach Vancouver
11%
Repulse Bay Beach Hong Kong
10%
Isla Verde Beach San Juan
8%
No matching quizzes found
Score Distribution
Percent of People with Each Score
Percentile by Number Answered
Your Score History
You have not taken this quiz